ბათუმის შოთა რუსთაველის სახელმწიფო უნივერსიტეტის ბიბლიოთეკა

Сосуды тайн : (ბიბ.ჩანაწერი № 61178)

000 -LEADER
fixed length control field 00864nam a22001817a 4500
005 - DATE AND TIME OF LATEST TRANSACTION
control field 20231227121635.0
008 - FIXED-LENGTH DATA ELEMENTS--GENERAL INFORMATION
fixed length control field 231227s2002 ru ||||| |||| 00| 0 rus d
020 ## - INTERNATIONAL STANDARD BOOK NUMBER
International Standard Book Number 5352001881
041 ## - LANGUAGE CODE
Language code of text/sound track or separate title rus
080 ## - UNIVERSAL DECIMAL CLASSIFICATION NUMBER
Universal Decimal Classification number 392 C-66
245 ## - TITLE STATEMENT
Title Сосуды тайн :
Remainder of title Туалеты и урны в культурах народов мира /
Statement of responsibility, etc. Составители И. А. Алимов, А. Хисматулин.
264 ## - PRODUCTION, PUBLICATION, DISTRIBUTION, MANUFACTURE, AND COPYRIGHT NOTICE
Place of production, publication, distribution, manufacture Санкт-Петербург :
Name of producer, publisher, distributor, manufacturer Азбука-Классика,
Date of production, publication, distribution, manufacture, or copyright notice 2002.
300 ## - PHYSICAL DESCRIPTION
Extent 167 с.:
Other physical details ил.;
Dimensions 24 см.
653 ## - INDEX TERM--UNCONTROLLED
keyword ტუალეტები და ნაგვის ურნები მსოფლიოს კულტურებში
700 ## - ADDED ENTRY--PERSONAL NAME
Personal name Алимов, И.
Relator term შემდგენელი
9 (RLIN) 20916
700 ## - ADDED ENTRY--PERSONAL NAME
Personal name Хисматулин, А.
Relator term შემდგენელი
9 (RLIN) 20917
942 ## - ADDED ENTRY ELEMENTS (KOHA)
Source of classification or shelving scheme
Koha item type წიგნი
ეგზემპლარები
Withdrawn status Lost status Source of classification or shelving scheme Damaged status Not for loan Permanent Location Current Location Shelving location Date acquired Cost, normal purchase price Full call number Barcode Date last seen Copy number Uniform Resource Identifier Price effective from Koha item type Public note
          ბათუმის შოთა რუსთაველის სახელმწიფო უნივერსიტეტის მთავარი ბიბლიოთეკა ბათუმის შოთა რუსთაველის სახელმწიფო უნივერსიტეტის მთავარი ბიბლიოთეკა წიგნსაცავი 2023-12-27 8.00 392 C-66 65699 2023-12-27 65699 ბსუ-ს საპატიო დოქტორის გურამ ლორთქიფანიძის საჩუქარი 2023-12-27 წიგნი 8 ლ.